[Event "Mittelrhein Verbandsliga-N 18/19"]
[Site "Nordrheinwestfalen"]
[Date "2018.10.28"]
[Round "3.7"]
[White "Goede, Paul Johannes"]
[Black "Kamphausen, Johannes Dieter"]
[Result "1-0"]
[WhiteElo "1552"]
[BlackElo "1739"]
[PlyCount "79"]
[EventDate "2018.09.02"]
[EventType "team-tourn"]
[EventRounds "12"]
[EventCountry "GER"]
[SourceTitle "EXT 2022"]
[Source "ChessBase"]
[SourceDate "2021.10.06"]
[SourceVersion "1"]
[SourceVersionDate "2021.10.06"]
[SourceQuality "1"]
[WhiteTeam "Langenfeld II"]
[BlackTeam "Hitdorf SV Springer"]
[WhiteTeamCountry "GER"]
[BlackTeamCountry "GER"]

1. d4 d5 2. Bg5 h6 3. Bh4 Nd7 4. c4 Ngf6 5. cxd5 Nxd5 6. e4 N5f6 7. e5 Nd5 8. e6 N7f6 9. exf7+ Kxf7 10. Nf3 e6 11. Ne5+ Kg8 12. Ng6 Bb4+ 13. Nd2 c6 14. Nxh8 Qa5 15. Bxf6 Nxf6 16. a3 Bxd2+ 17. Qxd2 Qxd2+ 18. Kxd2 Kxh8 19. f3 g6 20. Bc4 Bd7 21. Rhe1 Re8 22. Re5 Kg7 23. Rae1 Kf7 24. a4 Nh5 25. g3 Ng7 26. Bd3 Re7 27. b4 a6 28. a5 Ne8 29. h4 Nc7 30. h5 g5 31. f4 gxf4 32. gxf4 Nd5 33. f5 Nxb4 34. fxe6+ Bxe6 35. Bg6+ Kf6 36. Rf1+ Kg7 37. Bf5 Bc4 38. Rxe7+ Kf6 39. Bd3+ Kxe7 40. Bxc4 1-0

[Event "Mittelrhein Verbandsliga-N 17/18"]
[Site "Nordrheinwestfalen"]
[Date "2017.12.03"]
[Round "5.8"]
[White "Goede, Paul Johannes"]
[Black "Schurr, Bernhard"]
[Result "0-1"]
[WhiteElo "1492"]
[BlackElo "1739"]
[PlyCount "80"]
[EventDate "2017.09.10"]
[EventType "team-swiss"]
[EventRounds "11"]
[EventCountry "GER"]
[SourceTitle "EXT 2022"]
[Source "ChessBase"]
[SourceDate "2021.10.06"]
[SourceVersion "1"]
[SourceVersionDate "2021.10.06"]
[SourceQuality "1"]
[WhiteTeam "Langenfeld II"]
[BlackTeam "Rheinpark BSG"]
[WhiteTeamCountry "GER"]
[BlackTeamCountry "GER"]

1. e4 d6 2. b3 Nf6 3. Nc3 g6 4. h3 Bg7 5. d4 c5 6. Bb5+ Nfd7 7. Bxd7+ Bxd7 8. Be3 Nc6 9. Nce2 cxd4 10. Bxd4 Nxd4 11. Nxd4 Qa5+ 12. Kf1 Qe5 13. Ngf3 Qxe4 14. Rc1 e5 15. Ne2 Qc6 16. c4 0-0 17. Nc3 e4 18. Nd4 Qc5 19. Nde2 Bc6 20. Nd5 Bxd5 21. cxd5 Qb6 22. Rc4 Rae8 23. Qc1 Re5 24. Nc3 Rf5 25. Nxe4 Rxd5 26. g3 Rf5 27. Rc2 Qb5+ 28. Kg1 Qd3 29. g4 Rf3 30. Ng5 Bh6 31. Rd2 Qc3 32. Qxc3 Rxc3 33. Rd5 Rc2 34. Ne4 Bf4 35. Rd4 Be5 36. Ra4 f5 37. gxf5 Rxf5 38. Rxa7 d5 39. Ng3 Rfxf2 40. Nf1 Rg2# 0-1